000 00732cab a2200241 4500
001 ABS51649
008 090401t1994 xxu||||| |||| 00| 0 eng d
035 _a(Sirsi) u37354
041 _aeng
100 _aRogers, S.
245 _aFive go for SRB in Peckham
260 _c1994
350 _a0
490 _aHA Weekly
_v(384) 21 October 1994, 14-16(3)
520 _aDescribes the background of a consortium, the Southwark Five Estates Partnership, which is bidding for funds under the Single Regeneration Budget.
650 _aHOUSING ESTATES
650 _aRESIDENTIAL DEVELOPMENT
650 _aSINGLE REGENERATION BUDGET
650 _aSOCIAL HOUSING
690 _aURBAN RENEWAL
942 _n0
948 _c04/03/1997
999 _c24161
_d24161